Logo BPK

Biblioteka

Politechniki Koszalińskiej

Przepisy o informacji naukowej, technicznej i ekonomicznej-wykaz wybranych aktów prawnych z adnotacjami. [Według stanu na dzień 30 września 1980 r.] / (Rekord nr 19730)

Szczegóły MARC
000 -ETYKIETA REKORDU
podpole kontrolne o stałej długości 00626nam a2200181 i 4500
001 - NUMER KONTROLNY REKORDU
pole kontrolne bg
040 ## - ŹRÓDŁO KATALOGOWANIA
Instytucja, która utworzyła rekord BPK
041 ## - KOD JĘZYKA
Kod języka tekstu pol
080 ## - UNIWERSALNA KLASYFIKACJA DZIESIĘTNA - UKD
UKD 016:342.951:002.1(438)
008 - POLE O STAŁEJ DŁUGOŚCI - DANE KONTROLNE
podpole kontrolne o stałej długości s pl f |000 0 pol
100 1# - NAZWA OSOBOWA
Nazwa osobowa Góral, Jerzy
Daty związane z nazwą (1944- ).
245 #0 - TYTUŁ/ODPOWIEDZIALNOŚĆ
Tytuł Przepisy o informacji naukowej, technicznej i ekonomicznej-wykaz wybranych aktów prawnych z adnotacjami. [Według stanu na dzień 30 września 1980 r.] /
Pozostałe elementy strefy tytułu i oznaczenia odpowiedzialności Jerzy Góral.
260 ## - STREFA ADRESU WYDAWNICZEGO
Miejsce wydania Warszawa :
Nazwa wydawcy/dystrybutora [CINTe Wydawn. Inform.],
Data publikacji, dystrybucji/powstania dokumentu 1980.
300 ## - STREFA OPISU FIZYCZNEGO
Objętość s. 30.
490 1# - STREFA SERII I DOKUMENTU WIELOCZĘŚCIOWEGO - FORMA NIE DO WYSZUKIWANIA
Tytuł i oznaczenie odpowiedzialności serii SINTO-Materiały Metodyczne ;
Numeracja w obrębie serii 2
830 ## - HASŁO DODATKOWE SERII LUB DOKUMENTU WIELOCZĘŚCIOWEGO - TYTUŁ UJEDNOLICONY
Tytuł ujednolicony SINTO-Materiały Metodyczne ;
856 ## - LOKALIZACJA I DOSTĘP DO ELEKTRONICZNYCH DOKUMENTÓW ZDALNYCH
Link (URL) http://koha.tu.koszalin.pl/cgi-bin/koha/opac-detail.pl?biblionumber=19730
Tekst linku Katalog online BPK
942 ## - DODATKOWE ELEMENTY (KOHA)
Typ dokumentu Książka
Egzemplarze
Wycofany Status egzemplarza Uszkodzony Dostępność Lokalizacja stała Lokalizacja bieżąca Miejsce przechowywania Sygnatura Kod kreskowy Typ dokumentu
      Dostępny Biblioteka Politechniki Koszalińskiej Biblioteka Politechniki Koszalińskiej Wypożyczalnia BG 27801 02188508 Książka
© 2023 Biblioteka Politechniki Koszalińskiej :: KOHA